Medios de comunicación, pobreza y aprovechamiento político: el caso peruano /

Salvato in:
Dettagli Bibliografici
Autore principale: Carrillo, Sonia Luz
Natura: testo
Tags: Aggiungi Tag
Nessun Tag, puoi essere il primo ad aggiungerne!!

MARC

LEADER 00000 a a2200000 04500
001 8989
003
040
100 |a Carrillo, Sonia Luz  
245 |a Medios de comunicación, pobreza y aprovechamiento político: el caso peruano /  |c Sonia Luz Carrillo 
773 |g número 190; páginas 61-70  
999 |c 31623  |d 31623